000
00303nam a22001337a 4500
008
181015b xxu||||| |||| 00| 0 eng d
020
_a
9780534340858
041
_a
eng
080
_a
159.9
100
_a
49
101
_a
PSI
245
_a
Psychology and the Legal System
_c
Wrightsman
942
_2
udc
_c
BK
999
_c
49718
_d
49718